| 000 | 00497nam a2200181Ia 4500 | ||
|---|---|---|---|
| 001 | 4603 | ||
| 005 | 20260306145808.0 | ||
| 008 | 260306t2018||||xx |||||||||||||| ||spa|| | ||
| 041 | _aESP | ||
| 082 |
_a327.373098 _bP77 |
||
| 100 |
_aPontificia Universidad Católica del Perú _eAUT |
||
| 245 | 4 | _aThe foreign policy of president Donal Trump and its impact on Latin America | |
| 260 | _c2018 | ||
| 300 |
_a159 páginas : _c24 cm. |
||
| 650 | _aGEN | ||
| 654 | _aCHU | ||
| 942 |
_cLIB _dJUS _fJUS _2ddc _n |
||
| 999 |
_c4603 _d4603 |
||